[Event "V Campeonato de España de Selecciones Au"]
[Site "Tossa de Mar"]
[Date "2010.04.29"]
[Round "1"]
[White "Franco Alonso, Alejandro"]
[Black "Pons Carreras, David"]
[Result "1-0"]
[WhiteElo "2472"]
[BlackElo "2297"]
[PlyCount "74"]
[EventDate "2010.04.29"]
[EventType "team"]
[EventRounds "6"]
[EventCountry "ESP"]
[WhiteTeam "Euskadi"]
[BlackTeam "Balears"]

1. d4 Nf6 2. c4 e6 3. g3 d5 4. Nf3 dxc4 5. Bg2 Nc6 6. Qa4 Bb4+ 7. Bd2 Nd5 8.
Bxb4 Ndxb4 9. O-O Rb8 10. Nc3 a6 11. Ne5 O-O 12. Nxc6 Nxc6 13. Bxc6 bxc6 14.
Qxc4 Rxb2 15. Rab1 Rb6 16. Qc5 h6 17. a4 Re8 18. a5 Rxb1 19. Rxb1 Qd6 20. Rb8
Qxc5 21. dxc5 Kf8 22. Na2 Ke7 23. Nb4 Kd7 24. e4 e5 25. f3 f6 26. Kf2 Re7 27.
Ke3 g5 28. Kd3 h5 29. Nc2 Re8 30. Ke3 Ke6 31. Nb4 Kd7 32. Nd3 Ke7 33. h4 gxh4
34. gxh4 Kd7 35. Nb4 Re6 36. Kf2 Re8 37. Nc2 Rg8 1-0

[Event "V Campeonato de España de Selecciones Au"]
[Site "Tossa de Mar"]
[Date "2010.04.29"]
[Round "1"]
[White "Tattersall Rodriguez, Lester"]
[Black "Argandona Riveiro, Inigo"]
[Result "0-1"]
[WhiteElo "2285"]
[BlackElo "2388"]
[PlyCount "64"]
[EventDate "2010.04.29"]
[EventType "team"]
[EventRounds "6"]
[EventCountry "ESP"]
[WhiteTeam "Balears"]
[BlackTeam "Euskadi"]

1. c4 e5 2. Nc3 Nf6 3. Nf3 Nc6 4. g3 d5 5. cxd5 Nxd5 6. d3 Be7 7. Bg2 Nb6 8. a3
Be6 9. b4 f5 10. Bb2 e4 11. dxe4 Nc4 12. exf5 Nxb2 13. Qxd8+ Rxd8 14. fxe6 Bf6
15. Nb5 Nd3+ 16. exd3 Bxa1 17. Ke2 Bf6 18. Nxc7+ Ke7 19. b5 Na5 20. Nd2 Rc8 21.
b6 axb6 22. Nd5+ Kxe6 23. Nxb6 Rc2 24. Kd1 Rc3 25. Na4 Rxa3 26. Nc5+ Kf7 27.
Nxb7 Nxb7 28. Bd5+ Ke7 29. Bxb7 Rb8 30. Bd5 Rxd3 31. Be4 Rd6 32. Kc1 Rc8+ 0-1

[Event "V Campeonato de España de Selecciones Au"]
[Site "Tossa de Mar"]
[Date "2010.04.29"]
[Round "1"]
[White "Alonso Arburu, Juan Ignacio"]
[Black "Munoz Agullo, Jose Francisco"]
[Result "1-0"]
[WhiteElo "2372"]
[BlackElo "2274"]
[PlyCount "77"]
[EventDate "2010.04.29"]
[EventType "team"]
[EventRounds "6"]
[EventCountry "ESP"]
[WhiteTeam "Euskadi"]
[BlackTeam "Balears"]

1. c4 e5 2. Nc3 Nf6 3. g3 Nc6 4. Bg2 g6 5. d3 Bg7 6. Nd5 Nxd5 7. cxd5 Ne7 8.
Bg5 f6 9. Bd2 c6 10. e4 cxd5 11. exd5 d6 12. Ne2 Qb6 13. b4 Bf5 14. Qa4+ Bd7
15. Qb3 Nf5 16. O-O O-O 17. Rfc1 Rfc8 18. a4 Rxc1+ 19. Rxc1 Rc8 20. Rxc8+ Bxc8
21. Qc4 Bd7 22. Nc3 Bf8 23. h4 Be7 24. Bh3 Kf7 25. h5 Qd8 26. Be3 a6 27. a5
Nxe3 28. Be6+ Kg7 29. fxe3 f5 30. Kg2 Kh6 31. g4 fxg4 32. hxg6 hxg6 33. Qxg4
Be8 34. Kf3 b6 35. b5 bxa5 36. bxa6 Qb6 37. Qc4 Bg5 38. d4 exd4 39. Qxd4 1-0

[Event "V Campeonato de España de Selecciones Au"]
[Site "Tossa de Mar"]
[Date "2010.04.29"]
[Round "1"]
[White "Gaya Llodra, Juan"]
[Black "Astasio Lopez, David"]
[Result "1/2-1/2"]
[WhiteElo "2262"]
[BlackElo "2303"]
[PlyCount "60"]
[EventDate "2010.04.29"]
[EventType "team"]
[EventRounds "6"]
[EventCountry "ESP"]
[WhiteTeam "Balears"]
[BlackTeam "Euskadi"]

1. d4 d5 2. g3 Nf6 3. Bg2 c6 4. Nf3 Bg4 5. Ne5 Bh5 6. O-O Nbd7 7. c4 e6 8. cxd5
exd5 9. Qb3 Qb6 10. Qe3 Be7 11. Bh3 Nxe5 12. Qxe5 h6 13. Nc3 Qd8 14. e4 O-O 15.
exd5 cxd5 16. Bg2 Bd6 17. Qf5 Bg6 18. Qf3 Be4 19. Nxe4 dxe4 20. Qf5 Re8 21. Bd2
Qc8 22. Qxc8 Raxc8 23. Rac1 Rcd8 24. Rfe1 Bb8 25. Bc3 Bc7 26. d5 Nxd5 27. Rxe4
Nxc3 28. Rxe8+ Rxe8 29. Rxc3 Re1+ 30. Bf1 Re7 1/2-1/2

[Event "V Campeonato de España de Selecciones Au"]
[Site "Tossa de Mar"]
[Date "2010.04.29"]
[Round "1"]
[White "Munoz Perez, Miriam"]
[Black "Castell Cantero, Salvador"]
[Result "1/2-1/2"]
[WhiteElo "2064"]
[BlackElo "1945"]
[PlyCount "90"]
[EventDate "2010.04.29"]
[EventType "team"]
[EventRounds "6"]
[EventCountry "ESP"]
[WhiteTeam "Euskadi"]
[BlackTeam "Balears"]

1. e4 e5 2. Nf3 d6 3. d4 exd4 4. Nxd4 Nf6 5. Nc3 Be7 6. Bc4 O-O 7. O-O a6 8. a3
Nc6 9. Bb3 Re8 10. Re1 Bf8 11. Bg5 h6 12. Bh4 Nxd4 13. Qxd4 g5 14. e5 Nh5 15.
Qd1 Nf4 16. Bg3 dxe5 17. Qxd8 Rxd8 18. Rxe5 Bd6 19. Re3 Be6 20. Bxe6 Nxe6 21.
Bxd6 Rxd6 22. Ne4 Rd4 23. c3 Rdd8 24. Rae1 Kg7 25. Kf1 Rd5 26. c4 Rd4 27. b3
Rad8 28. Nc3 c6 29. Re4 Rd3 30. R4e3 Rd2 31. R3e2 R2d7 32. Re3 Rd4 33. g3 Nc5
34. Ne4 Ne6 35. Nc3 Rd2 36. R1e2 Rxe2 37. Rxe2 Nc5 38. b4 Ne6 39. Re4 Rd2 40.
Re2 Rd3 41. Re3 Rd2 42. Re2 Rd8 43. Re4 Rd3 44. Re3 Rd7 45. Ne4 Rd4 1/2-1/2

[Event "V Campeonato de España de Selecciones Au"]
[Site "Tossa de Mar"]
[Date "2010.04.29"]
[Round "1"]
[White "Gallardo Pina, Neus"]
[Black "Garro Beraza, Julen"]
[Result "0-1"]
[WhiteElo "1808"]
[BlackElo "1881"]
[PlyCount "82"]
[EventDate "2010.04.29"]
[EventType "team"]
[EventRounds "6"]
[EventCountry "ESP"]
[WhiteTeam "Balears"]
[BlackTeam "Euskadi"]

1. f4 c5 2. b3 Nc6 3. Nf3 Nf6 4. Bb2 e6 5. e3 Be7 6. Bb5 O-O 7. O-O d6 8. Bxc6
bxc6 9. Qe2 Qb6 10. d3 a5 11. Nbd2 d5 12. Ne5 Nd7 13. Nxd7 Bxd7 14. Qg4 f6 15.
Rf3 a4 16. Rh3 Rf7 17. Nf1 c4 18. dxc4 axb3 19. cxb3 dxc4 20. Bd4 c5 21. Bb2
cxb3 22. Qd1 Rxa2 23. Qb1 f5 24. Rxa2 bxa2 25. Qxa2 Bf6 26. Ba3 Qa6 27. Qb3 c4
28. Qb8+ Qc8 29. Qb1 c3 30. Bc1 Bc6 31. Ng3 Rd7 32. Qc2 Qb7 33. Nf1 Be4 34. Qe2
Bd3 35. Qf3 Qxf3 36. Rxf3 c2 37. Rf2 Rb7 38. Rd2 Be4 39. Ng3 Rb1 40. Ne2 Bb2
41. Kf2 Bxc1 0-1

[Event "V Campeonato de España de Selecciones Au"]
[Site "Tossa de Mar"]
[Date "2010.04.30"]
[Round "2"]
[White "Salgado Lopez, Ivan"]
[Black "Illescas Cordoba, Miguel"]
[Result "1/2-1/2"]
[WhiteElo "2592"]
[BlackElo "2604"]
[PlyCount "69"]
[EventDate "2010.04.29"]
[EventType "team"]
[EventRounds "6"]
[EventCountry "ESP"]
[WhiteTeam "Galicia"]
[BlackTeam "Catalunya A"]

1. d4 Nf6 2. Nf3 g6 3. Bg5 Bg7 4. Nbd2 d5 5. e3 O-O 6. Bd3 c5 7. c3 Qb6 8. Rb1
Nc6 9. O-O Re8 10. b4 cxd4 11. exd4 Bf5 12. Bxf5 gxf5 13. Bxf6 Bxf6 14. Nb3 e6
15. Qd2 Qc7 16. Qh6 Bg7 17. Qh5 f6 18. Rfe1 Qf7 19. Qh3 Ne7 20. Nfd2 Ng6 21. c4
dxc4 22. Nxc4 Rad8 23. Ne3 f4 24. Nf1 b6 25. Nfd2 Bf8 26. a3 Bg7 27. Nf3 Qd7
28. Qg4 Kh8 29. h4 Bh6 30. Rbc1 Nf8 31. Nbd2 Rc8 32. Qh5 Bg7 33. Qg4 Bh6 34.
Qh5 Bg7 35. Qg4 1/2-1/2

[Event "V Campeonato de España de Selecciones Au"]
[Site "Tossa de Mar"]
[Date "2010.04.30"]
[Round "2"]
[White "Alsina Leal, Daniel"]
[Black "Pena Gomez, Manuel"]
[Result "1-0"]
[WhiteElo "2548"]
[BlackElo "2432"]
[PlyCount "87"]
[EventDate "2010.04.29"]
[EventType "team"]
[EventRounds "6"]
[EventCountry "ESP"]
[WhiteTeam "Catalunya A"]
[BlackTeam "Galicia"]

1. e4 c5 2. Nf3 e6 3. d4 cxd4 4. Nxd4 Nc6 5. Nc3 Qc7 6. Be3 a6 7. Qd2 Nf6 8.
O-O-O Bb4 9. f3 O-O 10. g4 Ne5 11. g5 Nh5 12. Be2 Ng6 13. Kb1 Ngf4 14. Bf1 f6
15. gxf6 Rxf6 16. Rg1 d5 17. Nde2 Rf7 18. Qd4 Bd6 19. exd5 Be5 20. Qc5 Nxd5 21.
Nxd5 exd5 22. Rxd5 Bxh2 23. Rxh5 Qxc5 24. Rxc5 Bxg1 25. Nxg1 Be6 26. Re5 Rd8
27. Kc1 Rfd7 28. Be2 Kf7 29. f4 Kf6 30. b3 Rd5 31. Rxd5 Rxd5 32. c4 Rd7 33. Nf3
Kf5 34. Ne5 Ke4 35. Nxd7 Kxe3 36. Nc5 Kxe2 37. Nxe6 h5 38. Ng5 h4 39. c5 Ke3
40. Nh3 Kf3 41. Kd2 Kg3 42. Ke3 Kxh3 43. Kf3 Kh2 44. b4 1-0

[Event "V Campeonato de España de Selecciones Au"]
[Site "Tossa de Mar"]
[Date "2010.04.30"]
[Round "2"]
[White "Caselas Cabanas, Jacobo"]
[Black "Narciso Dublan, Marc"]
[Result "0-1"]
[WhiteElo "2428"]
[BlackElo "2530"]
[PlyCount "58"]
[EventDate "2010.04.29"]
[EventType "team"]
[EventRounds "6"]
[EventCountry "ESP"]
[WhiteTeam "Galicia"]
[BlackTeam "Catalunya A"]

1. d4 Nf6 2. Bg5 c6 3. Nc3 d5 4. Qd2 Bf5 5. f3 Nbd7 6. O-O-O h6 7. Bh4 e6 8. e3
Be7 9. Bd3 Bxd3 10. Qxd3 b5 11. Kb1 Qa5 12. Bxf6 Bxf6 13. e4 b4 14. Nce2 O-O
15. e5 Be7 16. f4 c5 17. Nf3 c4 18. Qe3 Rfc8 19. f5 Rc6 20. f6 Bf8 21. fxg7
Bxg7 22. Ne1 f6 23. exf6 Nxf6 24. g4 Ra6 25. Nc1 Ne4 26. g5 Nc3+ 27. bxc3 bxc3
28. Ned3 Qa3 29. Qf2 Rb8+ 0-1

[Event "V Campeonato de España de Selecciones Au"]
[Site "Tossa de Mar"]
[Date "2010.04.30"]
[Round "2"]
[White "Oms Pallisse, Josep"]
[Black "Suarez Pousa, Diego"]
[Result "1-0"]
[WhiteElo "2494"]
[BlackElo "2419"]
[PlyCount "153"]
[EventDate "2010.04.29"]
[EventType "team"]
[EventRounds "6"]
[EventCountry "ESP"]
[WhiteTeam "Catalunya A"]
[BlackTeam "Galicia"]

1. d4 Nf6 2. c4 e6 3. Nf3 Bb4+ 4. Nbd2 O-O 5. a3 Be7 6. e4 d5 7. Qc2 b6 8. Bd3
h6 9. O-O c5 10. dxc5 bxc5 11. exd5 exd5 12. cxd5 Bb7 13. Ne4 Bxd5 14. Bf4 Nc6
15. Rad1 Nd4 16. Nxd4 cxd4 17. Ng3 Rc8 18. Qd2 Be6 19. Bb1 Qb6 20. Bxh6 Rc5 21.
Bf4 a5 22. Bd3 Rfc8 23. Rfe1 a4 24. h3 Bd6 25. Bg5 Bxg3 26. Bxf6 gxf6 27. fxg3
Rg5 28. g4 Rcc5 29. Rf1 Kg7 30. Qf4 Bd7 31. Rf2 Rcd5 32. Rdf1 Bb5 33. Bxb5 Rxb5
34. Qxf6+ Qxf6 35. Rxf6 Rb7 36. Rd6 Rgb5 37. Rxd4 Rxb2 38. Rxa4 Ra2 39. g5 Rbb2
40. Rg4 Rxa3 41. Rgf4 Ra7 42. h4 Kg8 43. R1f2 Rxf2 44. Kxf2 Kg7 45. Kf3 Ra2 46.
Rd4 Kg6 47. Rd6+ Kg7 48. Rf6 Ra3+ 49. Kg4 Ra7 50. Rf4 Kg6 51. g3 Kg7 52. h5 Kg8
53. h6 Ra6 54. Kh5 Ra3 55. Kh4 Ra6 56. g4 Ra1 57. g6 fxg6 58. Kg5 Ra6 59. Rf6
Ra4 60. Rxg6+ Kh7 61. Rg7+ Kh8 62. Rb7 Ra5+ 63. Kh4 Ra4 64. Kh5 Ra1 65. g5 Ra5
66. Rf7 Kg8 67. Rf6 Kh7 68. Rf4 Rb5 69. Kg4 Kg6 70. Rf6+ Kh7 71. Rf7+ Kg8 72.
g6 Rb4+ 73. Kf3 Rb3+ 74. Kg4 Rb4+ 75. Kg5 Rb5+ 76. Rf5 Rb8 77. h7+ 1-0

[Event "V Campeonato de España de Selecciones Au"]
[Site "Tossa de Mar"]
[Date "2010.04.30"]
[Round "2"]
[White "Villar Perez, Samuel"]
[Black "Alonso Rosell, Alvar"]
[Result "0-1"]
[WhiteElo "2086"]
[BlackElo "2509"]
[PlyCount "75"]
[EventDate "2010.04.29"]
[EventType "team"]
[EventRounds "6"]
[EventCountry "ESP"]
[WhiteTeam "Galicia"]
[BlackTeam "Catalunya A"]

1. d4 Nf6 2. Nf3 e6 3. e3 c5 4. Bd3 Nc6 5. O-O Be7 6. b3 O-O 7. Bb2 cxd4 8.
Nxd4 Nxd4 9. Bxd4 d6 10. Nd2 Bd7 11. c4 a5 12. Qc2 Bc6 13. Rfd1 h6 14. Rac1 Nd7
15. Qb2 e5 16. Bc3 f5 17. a3 Nc5 18. Bc2 f4 19. Nf1 Qb6 20. b4 axb4 21. axb4
Na4 22. Bxa4 Bxa4 23. Rd5 Bc6 24. c5 Qb5 25. Rd2 dxc5 26. Bxe5 Qxb4 27. Qxb4
cxb4 28. exf4 Rfd8 29. Re2 Bf8 30. Ne3 b3 31. f3 Ra2 32. Rxa2 bxa2 33. Nc4 Bc5+
34. Kf1 Bb5 35. Ke1 Ba3 36. Rc2 Bxc4 37. Rxc4 Re8 38. Ke2 0-1

[Event "V Campeonato de España de Selecciones Au"]
[Site "Tossa de Mar"]
[Date "2010.04.30"]
[Round "2"]
[White "Llaneza Vega, Patricia"]
[Black "Redondo Arguelles, Graciela"]
[Result "0-1"]
[WhiteElo "2277"]
[BlackElo "2078"]
[PlyCount "116"]
[EventDate "2010.04.29"]
[EventType "team"]
[EventRounds "6"]
[EventCountry "ESP"]
[WhiteTeam "Catalunya A"]
[BlackTeam "Galicia"]

1. e4 e6 2. d4 d5 3. Nc3 Nf6 4. Bg5 dxe4 5. Nxe4 Be7 6. Bxf6 Bxf6 7. Nf3 Nd7 8.
Qd2 O-O 9. O-O-O b6 10. h4 Bb7 11. Bd3 Be7 12. Neg5 Nf6 13. Ne5 c5 14. Bc4 Qxd4
15. Qe2 Qf4+ 16. Kb1 Bd5 17. Bxd5 exd5 18. g3 Qf5 19. g4 Qf4 20. Nexf7 Rxf7 21.
Nxf7 Kxf7 22. g5 Qe4 23. Qb5 Ne8 24. Rhe1 Qf5 25. Qe2 Bd6 26. Qh5+ Kf8 27. Rd3
Nc7 28. Rf3 Bf4 29. Rd3 Re8 30. Rxe8+ Nxe8 31. Qd1 Nc7 32. a3 Qe4 33. Qg4 Ne6
34. Rd1 Ke7 35. Qg1 Be5 36. Re1 Qd4 37. c3 Qd3+ 38. Ka1 Kd6 39. Qg4 g6 40. Rd1
Qc2 41. Qf3 Nf4 42. Re1 Qd3 43. Re3 Qf1+ 44. Ka2 Qg2 45. Qg3 Qxg3 46. fxg3 Ne6
47. Kb3 d4 48. cxd4 Nxd4+ 49. Kc4 b5+ 50. Kd3 Nf5 51. Rf3 Bxg3 52. h5 Bh4 53.
hxg6 hxg6 54. a4 a6 55. axb5 axb5 56. Rf4 Bg3 57. Rf3 Ke5 58. b3 Bf4 0-1

[Event "V Campeonato de España de Selecciones Au"]
[Site "Tossa de Mar"]
[Date "2010.04.30"]
[Round "2"]
[White "Arribas Lopez, Angel"]
[Black "Llorente Zaro, Alfonso"]
[Result "1/2-1/2"]
[WhiteElo "2441"]
[BlackElo "2456"]
[PlyCount "81"]
[EventDate "2010.04.29"]
[EventType "team"]
[EventRounds "6"]
[EventCountry "ESP"]
[WhiteTeam "Madrid"]
[BlackTeam "Aragón"]

1. e4 e5 2. Nf3 Nc6 3. Bb5 a6 4. Ba4 b5 5. Bb3 Na5 6. d4 exd4 7. Qxd4 Bb7 8.
Bg5 Nxb3 9. axb3 f6 10. Bf4 Ne7 11. O-O d6 12. Nc3 Ng6 13. Bg3 Be7 14. Qd2 O-O
15. Nd4 Qd7 16. f4 Rfe8 17. Rae1 Bd8 18. Qd3 b4 19. Nb1 d5 20. Nf5 Qb5 21. Qxb5
axb5 22. exd5 Rxe1 23. Bxe1 Ne7 24. Ne3 Nxd5 25. Nxd5 Bxd5 26. Bxb4 c6 27. Bc5
Be4 28. Na3 Bc7 29. Re1 f5 30. g3 Rd8 31. Kf2 Rd2+ 32. Re2 Rd1 33. c4 bxc4 34.
bxc4 Bd8 35. b4 Rh1 36. Ke3 Ra1 37. b5 Bb6 38. Bxb6 Rxa3+ 39. Kd4 cxb5 40. cxb5
Rb3 41. Kc4 1/2-1/2

[Event "V Campeonato de España de Selecciones Au"]
[Site "Tossa de Mar"]
[Date "2010.04.30"]
[Round "2"]
[White "Baron Rodriguez, Jesus"]
[Black "Moreno Ruiz, Javier"]
[Result "0-1"]
[WhiteElo "2450"]
[BlackElo "2459"]
[PlyCount "160"]
[EventDate "2010.04.29"]
[EventType "team"]
[EventRounds "6"]
[EventCountry "ESP"]
[WhiteTeam "Aragón"]
[BlackTeam "Madrid"]

1. e4 c5 2. Nc3 g6 3. f4 Bg7 4. Nf3 Nc6 5. Bb5 Nd4 6. O-O a6 7. Bd3 d6 8. Nxd4
cxd4 9. Ne2 Nf6 10. Kh1 O-O 11. Nxd4 Nxe4 12. Bxe4 Bxd4 13. Qf3 Rb8 14. c3 Bg7
15. f5 d5 16. Bxd5 Bxf5 17. d4 b5 18. Bg5 Rb6 19. Rae1 Bf6 20. Bh6 Bg7 21. Bxg7
Kxg7 22. Re5 Rf6 23. Qe3 Be6 24. Bf3 Bxa2 25. Ra1 Bc4 26. Rxe7 Bd5 27. Rf1 Qd6
28. Re5 Bxf3 29. Rxf3 Rxf3 30. gxf3 Rd8 31. Kg2 Qf6 32. Qe4 Rc8 33. Qe3 Rc6 34.
d5 Rc7 35. f4 Qd6 36. Qd3 Rd7 37. Kg3 Qc5 38. b4 Qg1+ 39. Kh3 Qf2 40. d6 Qxf4
41. Rd5 h5 42. Kg2 f6 43. Rd4 Qe5 44. Rd5 Qe6 45. Rd4 Kf7 46. Qd1 Qe5 47. Qb3+
Kg7 48. Qd1 Qe3 49. Rd3 Qe4+ 50. Kh3 g5 51. Rd4 Qe3+ 52. Kg2 Qxc3 53. Kf2 Qh3
54. Kg1 Qe6 55. Qd2 h4 56. Kg2 Qf5 57. Qd1 Qe5 58. Qd2 Kg6 59. Qc2+ f5 60. Qd2
Kf6 61. Kg1 h3 62. Kf1 f4 63. Qc3 f3 64. Qxf3+ Qf5 65. Kf2 Qxf3+ 66. Kxf3 Ke5
67. Rg4 Rxd6 68. Rxg5+ Kd4 69. Kg3 Kc3 70. Rg4 Rd3+ 71. Kh4 Kb3 72. Re4 Ka4 73.
Kg4 Rb3 74. Re6 Kxb4 75. Rxa6 Rd3 76. Rb6 Kc4 77. Rc6+ Kb3 78. Rc8 b4 79. Rb8
Kc3 80. Kf4 b3 0-1

[Event "V Campeonato de España de Selecciones Au"]
[Site "Tossa de Mar"]
[Date "2010.04.30"]
[Round "2"]
[White "Almagro Llamas, Pablo"]
[Black "Antoli Royo, Joaquin Miguel"]
[Result "1/2-1/2"]
[WhiteElo "2450"]
[BlackElo "2399"]
[PlyCount "68"]
[EventDate "2010.04.29"]
[EventType "team"]
[EventRounds "6"]
[EventCountry "ESP"]
[WhiteTeam "Madrid"]
[BlackTeam "Aragón"]

1. e4 c5 2. Nf3 Nc6 3. Bb5 e6 4. Bxc6 bxc6 5. O-O Qc7 6. d3 e5 7. Nh4 Qd8 8.
Nf5 d6 9. f4 g6 10. Ng3 exf4 11. Bxf4 Bg7 12. Nc3 Nh6 13. Qe1 Ng4 14. Nge2 O-O
15. Qg3 Ne5 16. Kh1 Rb8 17. b3 h6 18. Rad1 Qc7 19. h3 Ba6 20. Na4 Kh7 21. c4
Qe7 22. d4 cxd4 23. Nxd4 Bb7 24. Rfe1 Rbd8 25. Nc3 Rfe8 26. Qe3 Ba8 27. Re2 Qf6
28. Rf2 Qe7 29. Rfd2 Qf6 30. Rf2 Qe7 31. Rfd2 Rd7 32. Nde2 Rdd8 33. Nd4 Qf6 34.
Rf2 Qe7 1/2-1/2

[Event "V Campeonato de España de Selecciones Au"]
[Site "Tossa de Mar"]
[Date "2010.04.30"]
[Round "2"]
[White "Forcen Esteban, Daniel"]
[Black "Roa Alonso, Santiago"]
[Result "0-1"]
[WhiteElo "2343"]
[BlackElo "2434"]
[PlyCount "104"]
[EventDate "2010.04.29"]
[EventType "team"]
[EventRounds "6"]
[EventCountry "ESP"]
[WhiteTeam "Aragón"]
[BlackTeam "Madrid"]

1. e4 e5 2. Bc4 Nf6 3. Nc3 Be7 4. d3 c6 5. f4 d5 6. exd5 exf4 7. dxc6 Nxc6 8.
Bxf4 O-O 9. Qd2 Nh5 10. Be3 Bg4 11. Nge2 Bh4+ 12. g3 Ne5 13. O-O Nxc4 14. dxc4
Qxd2 15. Bxd2 Rfd8 16. Rad1 Bf6 17. Kf2 Bf5 18. Be3 Bxc2 19. Rxd8+ Bxd8 20. Rc1
Bd3 21. Nd5 Nf6 22. Nef4 Ng4+ 23. Kf3 Ne5+ 24. Kg2 Bxc4 25. Bd4 Bxd5+ 26. Nxd5
Nc6 27. Be3 f6 28. b4 a6 29. a4 Kf7 30. Bc5 Rc8 31. Rd1 Ne5 32. Nc3 Be7 33. Ne4
Ke6 34. Rd2 f5 35. Bxe7 fxe4 36. Bc5 Nd3 37. Be3 Rc4 38. a5 Rxb4 39. Kh3 Rb5
40. Bb6 Rb2 41. Rxb2 Nxb2 42. Bd4 Nc4 43. Bxg7 Nxa5 44. Kg4 Nc4 45. Kf4 e3 46.
Bc3 a5 47. Ke4 b5 48. Kd3 Kf5 49. h3 h5 50. Be1 a4 51. Bc3 a3 52. Ba1 b4 0-1

[Event "V Campeonato de España de Selecciones Au"]
[Site "Tossa de Mar"]
[Date "2010.04.30"]
[Round "2"]
[White "Gallardo Garcia, Andres"]
[Black "Moreno Gracia, Daniel"]
[Result "1-0"]
[WhiteElo "2412"]
[BlackElo "2317"]
[PlyCount "77"]
[EventDate "2010.04.29"]
[EventType "team"]
[EventRounds "6"]
[EventCountry "ESP"]
[WhiteTeam "Madrid"]
[BlackTeam "Aragón"]

1. e4 c5 2. Nf3 d6 3. Bb5+ Nd7 4. d4 Ngf6 5. O-O cxd4 6. Qxd4 e5 7. Qd3 h6 8.
c4 Be7 9. Nc3 O-O 10. Bxd7 Bxd7 11. b3 Qc7 12. Bd2 a6 13. a4 b6 14. Ne1 Qb7 15.
Nc2 Rfd8 16. Ne3 Be6 17. f3 Rab8 18. Rab1 Bf8 19. Kh1 Bd7 20. Ncd5 Nxd5 21.
Nxd5 b5 22. cxb5 axb5 23. a5 Be6 24. Rfc1 Rdc8 25. Ra1 Rxc1+ 26. Rxc1 Rc8 27.
Rxc8 Bxc8 28. Nb6 Be7 29. Qxb5 Kh7 30. Qd3 Be6 31. Nd5 Bd8 32. a6 Qb8 33. Be3
g6 34. a7 Qb7 35. Qc4 h5 36. Qa4 Qa8 37. Qe8 Qc8 38. Ne7 Qa6 39. Qg8# 1-0

[Event "V Campeonato de España de Selecciones Au"]
[Site "Tossa de Mar"]
[Date "2010.04.30"]
[Round "2"]
[White "Garcia Vicente, Nieves"]
[Black "Collado Barbas, Laura"]
[Result "1/2-1/2"]
[WhiteElo "2209"]
[BlackElo "2055"]
[PlyCount "97"]
[EventDate "2010.04.29"]
[EventType "team"]
[EventRounds "6"]
[EventCountry "ESP"]
[WhiteTeam "Aragón"]
[BlackTeam "Madrid"]

1. d4 d5 2. c4 e6 3. Nc3 c6 4. e4 dxe4 5. Nxe4 Bb4+ 6. Bd2 Qxd4 7. Bxb4 Qxe4+
8. Ne2 Na6 9. Bf8 Ne7 10. Bxg7 Nb4 11. Bxh8 Nd3+ 12. Kd2 Nxf2 13. Qc2 Qxc2+ 14.
Kxc2 Nxh1 15. Nc3 Nf2 16. h3 f5 17. Re1 Kf7 18. Be2 Ng6 19. Bd4 Ne4 20. Nxe4
fxe4 21. Bh5 b6 22. Rxe4 c5 23. Bc3 Bb7 24. Re2 Bc6 25. g3 Ke7 26. Bg4 Bd7 27.
Rf2 Re8 28. h4 Kd6 29. h5 Ne7 30. Rd2+ Kc7 31. Be5+ Kc8 32. Bf3 Bc6 33. Bd1 Nf5
34. Kc3 Rg8 35. Bc2 Nxg3 36. Bxh7 Ne4+ 37. Bxe4 Bxe4 38. h6 Rg5 39. Rd8+ Kxd8
40. Bf6+ Kd7 41. Bxg5 e5 42. a3 a5 43. b3 Bh7 44. Bf6 Kd6 45. Bg5 Kd7 46. Be3
Kc6 47. b4 axb4+ 48. axb4 cxb4+ 49. Kxb4 1/2-1/2

[Event "V Campeonato de España de Selecciones Au"]
[Site "Tossa de Mar"]
[Date "2010.04.30"]
[Round "2"]
[White "Alvarez Fernandez, Enrique"]
[Black "Gomez Esteban, Juan Mario"]
[Result "1/2-1/2"]
[WhiteElo "2366"]
[BlackElo "2490"]
[PlyCount "53"]
[EventDate "2010.04.29"]
[EventType "team"]
[EventRounds "6"]
[EventCountry "ESP"]
[WhiteTeam "Asturias"]
[BlackTeam "Euskadi"]

1. d4 Nf6 2. Bf4 c5 3. e3 d5 4. c3 Nc6 5. Nd2 Bf5 6. Ngf3 e6 7. Qb3 Qc8 8. Nh4
Be4 9. Nhf3 Bg6 10. Nh4 Bh5 11. h3 Be7 12. g4 Bg6 13. Nxg6 hxg6 14. Bg2 Qd7 15.
a4 cxd4 16. exd4 Bd6 17. Bxd6 Qxd6 18. Qxb7 Rb8 19. Nc4 Qd7 20. Qxd7+ Nxd7 21.
O-O-O O-O 22. Kb1 Rfc8 23. Nd6 Rd8 24. Nc4 Rdc8 25. Nd6 Rd8 26. Nc4 Rdc8 27.
Nd6 1/2-1/2

[Event "V Campeonato de España de Selecciones Au"]
[Site "Tossa de Mar"]
[Date "2010.04.30"]
[Round "2"]
[White "Franco Alonso, Alejandro"]
[Black "Andres Gonzalez, Ivan"]
[Result "1-0"]
[WhiteElo "2472"]
[BlackElo "2340"]
[PlyCount "61"]
[EventDate "2010.04.29"]
[EventType "team"]
[EventRounds "6"]
[EventCountry "ESP"]
[WhiteTeam "Euskadi"]
[BlackTeam "Asturias"]

1. d4 d5 2. c4 c6 3. Nf3 Nf6 4. e3 g6 5. Nc3 Bg7 6. Be2 O-O 7. O-O a6 8. a4 Bg4
9. Qb3 Ra7 10. a5 e6 11. Rd1 Nbd7 12. h3 Bxf3 13. Bxf3 Qe7 14. Bd2 Re8 15. Be1
Bf8 16. Rac1 Rb8 17. e4 dxe4 18. Nxe4 Nxe4 19. Bxe4 Bh6 20. Rc2 Bf4 21. Bf3 Rd8
22. Bc3 Bc7 23. Rcd2 Qg5 24. d5 Ne5 25. Be2 exd5 26. cxd5 cxd5 27. Rxd5 Rxd5
28. Qxd5 Qe7 29. Rd4 Nc6 30. Re4 Qf8 31. Qd7 1-0

[Event "V Campeonato de España de Selecciones Au"]
[Site "Tossa de Mar"]
[Date "2010.04.30"]
[Round "2"]
[White "Astasio Lopez, David"]
[Black "Santos Latasa, Jaime"]
[Result "1-0"]
[WhiteElo "2303"]
[BlackElo "2271"]
[PlyCount "113"]
[EventDate "2010.04.29"]
[EventType "team"]
[EventRounds "6"]
[EventCountry "ESP"]
[WhiteTeam "Euskadi"]
[BlackTeam "Asturias"]

1. d4 Nf6 2. Nf3 d5 3. Nbd2 Nbd7 4. e3 c5 5. b3 g6 6. Bb2 Bg7 7. c4 O-O 8. Be2
b6 9. Rc1 Bb7 10. O-O Rc8 11. Rc2 Rc7 12. Qa1 Qa8 13. Rfc1 Rfc8 14. a3 dxc4 15.
Bxc4 e6 16. Bf1 Ne8 17. a4 cxd4 18. Rxc7 Rxc7 19. Rxc7 Nxc7 20. Bxd4 Qf8 21. a5
Bxd4 22. Qxd4 Nd5 23. e4 N5f6 24. a6 Bc6 25. b4 Qe8 26. Qd6 Qc8 27. e5 Ne4 28.
Nxe4 Bxe4 29. Nd4 Nb8 30. b5 Bd5 31. h4 h5 32. g3 Kg7 33. Qe7 Qc5 34. Qf6+ Kg8
35. Qd8+ Kg7 36. Ne2 Ba8 37. Qf6+ Kg8 38. Nf4 Qf8 39. Qg5 Bf3 40. Bg2 Bxg2 41.
Kxg2 Kh7 42. Nh3 Nd7 43. Qf4 Kg7 44. Ng5 Qe7 45. Kh2 Nc5 46. Qe3 Qd7 47. Kg2
Qe7 48. Ne4 Nxe4 49. Qxe4 Kg8 50. Qb7 Kf8 51. Qb8+ Kg7 52. Qa8 Qd7 53. Qb7 Qxb5
54. Qxa7 Qd5+ 55. Kh2 Qc5 56. Qb7 Qxf2+ 57. Qg2 1-0

[Event "V Campeonato de España de Selecciones Au"]
[Site "Tossa de Mar"]
[Date "2010.04.30"]
[Round "2"]
[White "Marcos Pinto, Luis"]
[Black "Munoz Perez, Miriam"]
[Result "1-0"]
[WhiteElo "2186"]
[BlackElo "2064"]
[PlyCount "57"]
[EventDate "2010.04.29"]
[EventType "team"]
[EventRounds "6"]
[EventCountry "ESP"]
[WhiteTeam "Asturias"]
[BlackTeam "Euskadi"]

1. e4 e5 2. Nf3 d6 3. Bc4 c6 4. d3 Be7 5. O-O Nf6 6. Re1 O-O 7. Nbd2 Nbd7 8.
Nf1 b5 9. Bb3 Nc5 10. Ng3 Nxb3 11. axb3 g6 12. Bh6 Re8 13. d4 Qc7 14. h3 Bf8
15. Qd2 Qe7 16. Bxf8 Qxf8 17. Qc3 Bb7 18. dxe5 dxe5 19. Nxe5 b4 20. Qf3 Rxe5
21. Qxf6 Qc5 22. Red1 Re6 23. Qf4 a5 24. Rd7 Re7 25. Rad1 Rae8 26. Rd8 Ba6 27.
Rxe8+ Rxe8 28. Rd7 Re7 29. Rd8+ 1-0